000 00370nam a2200133Ia 4500
008 220217s9999 xx 000 0 und d
245 0 _aRubber, raw natural and raw synthetic- General guidance on storage.
260 _c2000
500 _aStandard number: ISO 7664
650 _a Raw natural rubber
650 _a Storage
650 _a Synthetic rubber
942 _cST
999 _c74193
_d74193